000 00459nam a2200169 a 4500
005 20140310183242.0
008 041021s19uu xx 00 eng d
020 _a0140512500
050 _aB 41
_b.M38 2000
100 _aMautner, Thomas
245 _aThe penguin dictionary of philosophy /
260 _aLondon :
_bPeguin Books,
_c2000.
300 _a641 p. :
_bill. ;
_c20 cm.
650 _aPhilosophy
_xDictionaries.
942 _cBK
_2lcc
999 _c20620
_d20620